Risk venture (Record no. 75078)

MARC details
000 -LEADER
fixed length control field 01032cab a2200217 4500
001 - CONTROL NUMBER
control field L129343
008 - FIXED-LENGTH DATA ELEMENTS--GENERAL INFORMATION
fixed length control field 050413n2005 000 0 eng u
035 ## - SYSTEM CONTROL NUMBER
System control number (Sirsi) u129343
041 ## - LANGUAGE CODE
Language code of text/sound track or separate title eng
100 ## - MAIN ENTRY--PERSONAL NAME
Personal name Cox, Pat
245 ## - TITLE STATEMENT
Title Risk venture
260 ## - PUBLICATION, DISTRIBUTION, ETC.
Date of publication, distribution, etc. 2005
490 ## - SERIES STATEMENT
Series statement Fire Engineers' Journal
Volume/sequential designation 65(255) April 2005, 40-42(3)
520 ## - SUMMARY, ETC.
Summary, etc. Discusses the risk based methodologies that are being used in the approach to fire and life safety, driven by European health and safety directives and by the desire to be more flexible in the application of safety standards. Fire risk assessment has become the norm in the UK over the last 10 years and the techniques include checklist schemes such as those produced for employers by the Fire Protection Association, and narrative methods which are reliant on codes of practice, standards and guidance.
590 ## - LOCAL NOTE (RLIN)
Local note IKA150405
650 ## - SUBJECT ADDED ENTRY--TOPICAL TERM
Topical term or geographic name entry element PD 7974-7: 2003
650 ## - SUBJECT ADDED ENTRY--TOPICAL TERM
Topical term or geographic name entry element DD 9999
650 ## - SUBJECT ADDED ENTRY--TOPICAL TERM
Topical term or geographic name entry element BS 7974: 2004
690 ## - LOCAL SUBJECT ADDED ENTRY--TOPICAL TERM (OCLC, RLIN)
Topical term or geographic name as entry element MANAGEMENT-HEALTH AND SAFETY-FIRE SAFETY
942 ## - ADDED ENTRY ELEMENTS (KOHA)
Suppress in OPAC 0
Holdings
Withdrawn status Lost status Source of classification or shelving scheme Damaged status Not for loan Home library Current library Shelving location Date acquired Total Checkouts Full call number Barcode Date last seen Copy number Price effective from Koha item type
    Dewey Decimal Classification     London London Journal article 13/04/2005   L129343 129343-1001 06/08/2019 1 06/08/2019 Journal article